Statystyki dla Wszyscy Kage 5 wiosek

Kliknij tutaj aby rozwiązać quiz!

Ogólne statystyki

  • Ten quiz został rozwiązany 120 razy
  • Średni wynik to 13 z 27

Statystyki odpowiedzi

HintOdpowiedź% Poprawnych
5. KazekageGaara
93%
7. HokageNaruto Uzumaki
90%
5. HokageTsunade
88%
6. HokageKakashi Hatake
82%
1. HokageHashirama Senju
76%
3. HokageHiruzen Sarutobi
76%
4. HokageMinato Namikaze
76%
2. HokageTobirama Senju
76%
2. RaikageA
68%
1. RaikageA
68%
4. RaikageA
68%
3. RaikageA
68%
5. RaikageDarui
47%
3. TsuchikageOnoki
44%
5. MizukageMei Terumi
36%
6. MizukageChojuro
35%
2. TsuchikageMu
35%
4. TsuchikageKurotsuchi
33%
4. KazekageRasa
32%
2. MizukageGengetsu Hozuki
22%
4. MizukageYagura Karatachi
22%
3. KazekageTrzeci Kazekage
19%
3. MizukageTrzeci Mizukage
19%
1. KazekageReto
15%
2. KazekageShamon
15%
1. MizukageByakuren
14%
1. TsuchikageIshikawa
14%

Rozkład punktacji

Percentyl według liczby udzielonych odpowiedzi

Procent ludzi z każdym wynikiem

Twoja historia wyników

Nie rozwiązałeś tego quizu